Passatempos de geografia (Registo nº 990)

Detalhes MARC
000 -Etiqueta do registo
Cabeçalho 00812nam a2200313 i 4500
005 - Identificador da versão
Campo de controlo 20240813121821.0
010 ## - Número internacional normalizado dos livros (ISBN)
Número (ISBN) 9720315709
021 ## - Número do Depósito Legal
Código do país PT
Número 206550/04
035 ## - Other System Control Numbers
System Control Number 0001055
System Control Number 0001038
100 ## - Dados gerais de processamento
Dados gerais de processamento 20050913d2004 de y0pory5003 ba
102 ## - Pais de publicação ou produção
País de publicação Portugal
101 0# - Língua de publicação
Língua do texto, banda sonora, etc. Português
106 ## - Campo de dados codificados: material textual
Dados codificados do material textual r
105 ## - Campo de dados codificados: livros
Dados codificados dos livros a j 001yy
215 ## - Descrição física 
Indicação específica da natureza do documento e extensão da espécie 64 p.
Outras indicações físicas il.
Dimensões 20 cm
200 1# - Titulo e menção de responsabilidade
Título próprio Passatempos de geografia
Informação de outro título 9o ano
Primeira menção de responsabilidade Lina Nicolau, Alcida Morais
225 2# - Colecção 
Título próprio da colecção Passatempos
205 ## - Menção da edição
Menção da edição [1a ed.]
210 ## - Publicação, Distribuição, etc. 
Lugar da edição, distribuição, etc. Porto
Nome do editor, distribuidor, etc. Porto Editora
Data da publicação, distribuição, etc. 2004
606 ## - Nome comum usado como assunto
Número de registo de entrada de autoridade 0001336
Palavra de ordem Geografia
Subdivisão de assunto Jogos educativos
Código do sistema SIPOR
675 ## - Classificação Decimal Universal (CDU)
Notação 91(075.2)
Edição BN
Língua da edição por
701 #1 - Nome de autor-pessoa física (co-responsabilidade principal)
Palavra de ordem Morais
Outra parte do nome não tomada para palavra de ordem Alcida
Código de função Autor / Co-autor
700 #1 - Nome de autor-pessoa física (responsabilidade principal)
Número de registo de entrada de autoridade 0001338
Palavra de ordem Nicolau
Outra parte do nome não tomada para palavra de ordem Lina
942 ## - Elementos de entrada adicionados (Koha)
Tipo de item no Koha Livro
Exemplares
Situação do levantamento Origin of item (home branch) (coded) Biblioteca de empréstimo Código de barras Cota Circulation type (not for loan) Tipo de documento Nota do exemplar Damaged status
  Biblioteca Escolar Eng. Nuno Mergulhão Biblioteca Escolar Eng. Nuno Mergulhão BENM1742 91(075.2)   Livro Sem mensagem